000 00288nam a22001337a 4500
008 170802b xxu||||| |||| 00| 0 eng d
020 _a341101671-X
041 _ager
080 _a004
100 _a32
101 _aSHK
245 _aREIHE INFORMATIK/37
_cBOHLING,K.H
942 _2udc
_cBK
999 _c22507
_d22507